1066 1294 1201 1690 1506 1281 1912 1049 1772 1551 1098 1120 1172 1447 1507 1567 1715 1255 1707 1638 1252 1734 1405 1204 1449 1499 1908 1456 1608 1040 1927 1688 1467 1557 1889 1388 1114 1305 1904 1697 1265 1900 1816 1252 1258 1538 1899 1826 1168 1540 1577 1198 1049 1211 1013 1306 1104 1451 1561 1343 1996 1004 1106 1259 1212 1331 1728 1482 1033 1730 1602 1325 1241 1626 1479 1622 1851 1368 1456 1232 1428 1459 1093 1933 1634 1172 1698 1942 1273 1741 1537 1226 1988 1344 1222 1112 1139 1805 1511 BCNSPRNW ULIB Ver.6.0+V

เปลี่ยนเป็นภาษาไทย

Change to English
 แสดงรายละเอียดบรรณานุกรม
  กลับหน้าหลัก

Brief Record : Get Marc (ISO 2709) : E-mail record : QR code < ปิดหน้าต่าง
LEADER : 00000nam 2200000uu 4500
001    13399111532
003     ULIB
008    110630s||||||||th 000 0 tha d
020    9789742729646
050 04 BQ4570.H3^bพ4ห 2548
100 0  พระเทพโสภณ (ประยูร)
245 10 หว่านรักให้เต็มโลก /^cพระเทพโสภณ (ประยูร ธมฺมจิตโต)
250    พิมพ์ครั้งที่ 2
260    กรุงเทพฯ :^bอมรินทร์,^c2548
300    118 หน้า :^bภาพประกอบ
650  7 ธรรมะ
650  7 ความรัก^xแง่ศาสนา^xพุทธศาสนา
945    ^p85^l0^i018304
995    ทศพร
999 ^a ใช้งานได้ทุกระบบ
รายการนี้ยังไม่มีแท็ก
คุณยังไม่ได้ล็อกอิน คุณสามารถมีกิจกรรมร่วมกับเว็บไซต์ได้ แต่ต้องล็อกอินก่อน ::
  ล็อกอิน

รายการสื่อสารสนเทศ

ลำดับที่ ประเภท เลขเรียก/บาร์โค้ด สถานที่ สถานะ
- ไม่พบข้อมูล -

รายการใกล้เคียง
    ผู้แต่ง [พระเทพโสภณ (ประยูร)]

    หัวเรื่อง [ธรรมะ]

BibComment


ยังไม่เคยถูกคอมเมนท์

คอมเมนท์ทรัพยากรรายการนี้
  คอมเมนท์: หว่านรักให้เต็มโล..


 Copyright 2026. Bcnsprnw @Library